000 00328nam a2200133Ia 4500
008 150201s2014 xx 000 0 und d
082 _a611
_bA2011S
100 _aSINGH ,INDERBIR
245 _aTEXT BOOK OF ANATOMY VOL-2
250 _a5TH
260 _bJAYPEE BROTHERS MEDICAL PUBLISHERS
650 _aANATOMY
942 _2ddc
_cBK
999 _c4850
_d4850